书目信息 |
| 题名: |
建筑设备工程
|
|
| 作者: | 张东放 主编 | |
| 分册: | ||
| 出版信息: | 北京 机械工业出版社 2014.07 |
|
| 页数: | 268页 | |
| 开本: | 20cm | |
| 丛书名: | ||
| 单 册: | ||
| 中图分类: | TU8 | |
| 科图分类: | ||
| 主题词: | 房屋建筑设备 | |
| 电子资源: | ||
| ISBN: | 978-7-111-24923-8 | |
| 000 | 00560nam0 2200193 45 | |
| 001 | 2052038390 | |
| 005 | 20201030115802.92 | |
| 010 | @a978-7-111-24923-8@dRMB 32.00 | |
| 100 | @a20201021d2014 km y0chiy0120 ea | |
| 101 | 0 | @achi |
| 102 | @aCN@b110000 | |
| 200 | 1 | @a建筑设备工程@Ajian zhu she bei gong cheng@f张东放主编@Fzhang dong fang zhu bian |
| 210 | @a北京@c机械工业出版社@d2014.07 | |
| 215 | @a268页@d20cm | |
| 606 | 0 | @a房屋建筑设备 |
| 690 | @aTU8@v4 | |
| 701 | 0 | @a张东放@Azhang dong fang@4主编 |
| 801 | 0 | @aCN@bPFT@c20201030 |
| 905 | @a10447@dTU8@eZ0911 | |
| 建筑设备工程/张东放主编.-北京:机械工业出版社,2014.07 |
| 268页;20cm |
| ISBN 978-7-111-24923-8:RMB 32.00 |
| ● |
| 相关链接 |
|
|
|
正题名:建筑设备工程
索取号:TU8/Z0911
 
预约/预借
| 序号 | 登录号 | 条形码 | 馆藏地/架位号 | 状态 | 备注 |
| 1 | 1349899 | 213498990 | 建筑库201/201建筑库 49排1列3层/ [索取号:TU8/Z0911] | 在馆 | |
| 2 | 1499086 | 214990866 | 建筑库201/201建筑库 49排1列3层/ [索取号:TU8/Z0911] | 在馆 | |
| 3 | 1500588 | 215005884 | 建筑库201/201建筑库 49排1列3层/ [索取号:TU8/Z0911] | 在馆 | |
| 4 | 1500589 | 215005893 | 建筑库201/201建筑库 49排1列3层/ [索取号:TU8/Z0911] | 在馆 | |
| 5 | 1501202 | 215012028 | 建筑库201/201建筑库 49排1列3层/ [索取号:TU8/Z0911] | 在馆 | |
| 6 | 1501203 | 215012037 | 建筑库201/201建筑库 49排1列3层/ [索取号:TU8/Z0911] | 在馆 | |
| 7 | 1501204 | 215012046 | 建筑库201/201建筑库 49排1列3层/ [索取号:TU8/Z0911] | 在馆 |